[Event "Chigorin Memorial 30th"]
[Site "St Petersburg"]
[Date "2023.10.23"]
[Round "3"]
[White "Ismagilov, Igor"]
[Black "Fedorov, Alexei"]
[Result "0-1"]
[WhiteElo "2074"]
[BlackElo "2434"]
[PlyCount "112"]
[EventDate "2023.10.21"]
[EventType "swiss"]
[EventRounds "9"]
[EventCountry "RUS"]
[SourceTitle "Mega2024 Update 01"]
[Source "Chessbase"]
[SourceDate "2023.11.12"]
[SourceVersion "1"]
[SourceVersionDate "2023.11.12"]
[SourceQuality "1"]

1. e4 c5 2. Nf3 Nc6 3. Bb5 e6 4. Bxc6 bxc6 5. d3 Ne7 6. Nbd2 f6 7. h4 e5 8. h5 d6 9. Qe2 Be6 10. Nc4 Qd7 11. Bd2 d5 12. Ne3 c4 13. exd5 cxd5 14. dxc4 d4 15. Nf1 Nf5 16. b3 Ba3 17. Bc1 Bxc1 18. Rxc1 0-0 19. N1d2 Nh6 20. Nh2 Rae8 21. 0-0 Bf7 22. Ne4 Kh8 23. Rcd1 Qc6 24. Rfe1 Bg8 25. Nf3 f5 26. Ng3 Ng4 27. Nxf5 Rxf5 28. Nxd4 exd4 29. Qxg4 Ref8 30. Re7 Qh6 31. Rxd4 Rxh5 32. Kf1 Qc1+ 33. Ke2 Qxc2+ 34. Ke3 Qxf2+ 35. Kd3 Bf7 36. Kc3 Bg6 37. Qe2 Qf6 38. Re6 Qg5 39. Qd2 a5 40. Qxg5 Rxg5 41. g4 Rf3+ 42. Kb2 h6 43. Red6 Rf2+ 44. Rd2 Rxd2+ 45. Rxd2 Rxg4 46. c5 Be4 47. Rd8+ Kh7 48. a3 h5 49. b4 axb4 50. axb4 h4 51. b5 h3 52. c6 h2 53. c7 Bb7 54. Rd1 Rg1 55. b6 Rxd1 56. Kc2 h1Q 0-1

[Event "Chigorin Memorial Blitz 30th"]
[Site "St Petersburg"]
[Date "2023.10.20"]
[Round "8"]
[White "Afanasiev, Nikita"]
[Black "Ismagilov, Igor"]
[Result "1-0"]
[WhiteElo "2533"]
[BlackElo "2074"]
[PlyCount "79"]
[EventDate "2023.10.20"]
[EventType "swiss (blitz)"]
[EventRounds "11"]
[EventCountry "RUS"]
[SourceTitle "Mega2024 Update 01"]
[Source "Chessbase"]
[SourceDate "2023.11.12"]
[SourceVersion "1"]
[SourceVersionDate "2023.11.12"]
[SourceQuality "1"]

1. Nf3 Nf6 2. g3 d5 3. Bg2 c5 4. 0-0 e6 5. d3 Nc6 6. Nc3 Be7 7. e4 d4 8. Ne2 e5 9. h3 h6 10. c3 Be6 11. a3 g5 12. cxd4 cxd4 13. b4 Bd6 14. Bb2 g4 15. hxg4 Nxg4 16. Rc1 h5 17. Nh4 Be7 18. Nf5 Qd7 19. b5 Na5 20. Ng7+ Kf8 21. Nxe6+ Qxe6 22. Bxd4 exd4 23. Nxd4 Qd7 24. Nf5 Rd8 25. d4 Bf6 26. Qd2 b6 27. Qb4+ Kg8 28. Rfd1 h4 29. Bh3 hxg3 30. Bxg4 gxf2+ 31. Kxf2 Qe8 32. Kf3 Bg5 33. Rc7 Rh2 34. e5 Rd7 35. Rxd7 Qc8 36. Rxf7 Rf2+ 37. Kxf2 Qc2+ 38. Kg3 Kxf7 39. e6+ Kf6 40. Qe7+ 1-0

[Event "St Petersburg Rapid 2023"]
[Site "St Petersburg"]
[Date "2023.08.27"]
[Round "7"]
[White "Volkov, Sergey"]
[Black "Ismagilov, Igor"]
[Result "1/2-1/2"]
[WhiteElo "2464"]
[BlackElo "2039"]
[PlyCount "111"]
[EventDate "2023.08.26"]
[EventType "swiss (rapid)"]
[EventRounds "11"]
[EventCountry "RUS"]
[SourceTitle "EXT 2024"]
[Source "ChessBase"]
[SourceDate "2023.10.10"]
[SourceVersion "1"]
[SourceVersionDate "2023.10.10"]
[SourceQuality "1"]

1. d4 Nf6 2. c4 e6 3. Nc3 Bb4 4. f3 c5 5. d5 b5 6. e4 d6 7. Nge2 bxc4 8. Nf4 e5 9. Nfe2 Nbd7 10. a3 Ba5 11. Ng3 Nb6 12. Be2 Ng8 13. 0-0 Ne7 14. f4 exf4 15. Nh5 0-0 16. Bxf4 Bxc3 17. bxc3 Ng6 18. Qd2 Qe7 19. a4 Nd7 20. Bxc4 Nde5 21. Be2 Bg4 22. Bg3 Rab8 23. Bxg4 Nxg4 24. h3 N4e5 25. Bh2 Rb7 26. Ng3 Nh4 27. Nf5 Nxf5 28. exf5 f6 29. Bxe5 fxe5 30. a5 Rfb8 31. f6 gxf6 32. Qh6 Qg7 33. Rxf6 Rb1+ 34. Rxb1 Rxb1+ 35. Kh2 Qxh6 36. Rxh6 Rc1 37. Rxd6 Rxc3 38. Rd8+ Kf7 39. Rd7+ Kg6 40. Rxa7 Rd3 41. Ra6+ Kf5 42. d6 Ke6 43. Rc6 Kd5 44. Rb6 Ke6 45. a6 Ra3 46. Rc6 Kd7 47. Rc7+ Kxd6 48. Rxh7 c4 49. Rh8 Kd5 50. Rd8+ Ke4 51. Rc8 Kd3 52. Rd8+ Ke3 53. Rc8 Kd3 54. Rd8+ Ke3 55. Rc8 Kd3 56. Rd8+ 1/2-1/2

[Event "Cheliabinsk Panchenko Memorial op-A"]
[Site "Cheliabinsk"]
[Date "2022.09.21"]
[Round "10"]
[White "Ismagilov, Igor"]
[Black "Ponomarev, Grigori"]
[Result "0-1"]
[WhiteElo "2220"]
[BlackElo "2271"]
[PlyCount "84"]
[EventDate "2022.09.12"]
[EventType "swiss"]
[EventRounds "10"]
[EventCountry "RUS"]
[SourceTitle "CBM 210 Extra"]
[Source "ChessBase"]
[SourceDate "2022.11.30"]
[SourceVersion "1"]
[SourceVersionDate "2022.11.30"]
[SourceQuality "1"]

1. d4 Nf6 2. Nf3 d5 3. e3 c5 4. c4 cxd4 5. exd4 g6 6. Nc3 Bg7 7. b3 0-0 8. Bb2 Nc6 9. Be2 Bg4 10. Ne5 Bxe2 11. Nxe2 dxc4 12. Nxc6 bxc6 13. bxc4 Rb8 14. Qc2 Qa5+ 15. Bc3 Qa6 16. Bd2 c5 17. Be3 Ng4 18. Rd1 Rb4 19. 0-0 Rxc4 20. Qe4 Nxe3 21. fxe3 cxd4 22. Qxe7 Qxa2 23. Nxd4 Qa6 24. Rf3 Ra4 25. Nb3 Qe6 26. Qxe6 fxe6 27. Nc5 Ra1 28. Rxa1 Bxa1 29. Nxe6 Re8 30. Nf4 a5 31. Rf1 Bg7 32. Nd5 Re5 33. Nf6+ Kh8 34. e4 a4 35. Nd7 Re7 36. Rd1 a3 37. Nc5 h6 38. Nb3 Rb7 39. Nc5 Rb2 40. Ne6 a2 41. Nxg7 Kxg7 42. Kf1 Rb1 0-1

[Event "Cheliabinsk Panchenko Memorial op-A"]
[Site "Cheliabinsk"]
[Date "2022.09.18"]
[Round "7"]
[White "Nozdrachev, Leonid"]
[Black "Ismagilov, Igor"]
[Result "1/2-1/2"]
[WhiteElo "2369"]
[BlackElo "2220"]
[PlyCount "135"]
[EventDate "2022.09.12"]
[EventType "swiss"]
[EventRounds "10"]
[EventCountry "RUS"]
[SourceTitle "CBM 210 Extra"]
[Source "ChessBase"]
[SourceDate "2022.11.30"]
[SourceVersion "1"]
[SourceVersionDate "2022.11.30"]
[SourceQuality "1"]

1. e4 c5 2. Nf3 e6 3. d4 cxd4 4. Nxd4 Nf6 5. Nc3 Nc6 6. Nxc6 bxc6 7. e5 Nd5 8. Ne4 Qc7 9. f4 Rb8 10. c4 Bb4+ 11. Ke2 0-0 12. cxd5 cxd5 13. Nd6 f6 14. Nxc8 fxe5 15. a3 Bc5 16. b4 Bd4 17. Ne7+ Kf7 18. Rb1 Kxe7 19. Qd3 exf4 20. Qxd4 Qc2+ 21. Kf3 Qxb1 22. Bd3 Qb3 23. Bd2 Rbc8 24. Rb1 Qa2 25. Bc3 Rf6 26. b5 Ke8 27. Qb4 Rg6 28. Bxg6+ hxg6 29. Bxg7 Kf7 30. Qb2 Qc4 31. Qf6+ Kg8 32. Qxg6 Qe4+ 33. Qxe4 dxe4+ 34. Kxf4 Kxg7 35. Kxe4 Kf6 36. Kd3 Rh8 37. Rb4 Rxh2 38. Ra4 Rh5 39. Kc4 d5+ 40. Kc5 d4+ 41. Kc4 Rd5 42. Rb4 d3 43. Rb1 d2 44. Rd1 Ke5 45. Kc3 Rxb5 46. Rxd2 Rb7 47. Re2+ Kd5 48. g4 Rg7 49. Rg2 Ke4 50. Re2+ Kd5 51. Rd2+ Ke4 52. Re2+ Kd5 53. Rg2 Ke4 54. Rg1 e5 55. a4 Kf3 56. g5 e4 57. g6 e3 58. Rf1+ Kg2 59. Rf6 Re7 60. Rf7 Re8 61. g7 e2 62. Re7 Rxe7 63. g8Q+ Kh2 64. Qh8+ Kg2 65. Qg8+ Kh2 66. Qb8+ Kg2 67. Qg8+ Kh2 68. Qh8+ 1/2-1/2

[Event "Cheliabinsk Panchenko Memorial op-A"]
[Site "Cheliabinsk"]
[Date "2022.09.14"]
[Round "3"]
[White "Sharikov, Alexander"]
[Black "Ismagilov, Igor"]
[Result "1-0"]
[WhiteElo "2095"]
[BlackElo "2220"]
[PlyCount "109"]
[EventDate "2022.09.12"]
[EventType "swiss"]
[EventRounds "10"]
[EventCountry "RUS"]
[SourceTitle "CBM 210 Extra"]
[Source "ChessBase"]
[SourceDate "2022.11.30"]
[SourceVersion "1"]
[SourceVersionDate "2022.11.30"]
[SourceQuality "1"]

1. Nf3 Nf6 2. g3 d5 3. Bg2 c5 4. 0-0 e6 5. d4 cxd4 6. Nxd4 e5 7. Nf3 Nc6 8. c4 d4 9. e3 Be6 10. exd4 exd4 11. Qa4 Bd7 12. Re1+ Be7 13. b4 Ne5 14. Qb3 Nxf3+ 15. Bxf3 0-0 16. Bb2 Bc6 17. Nd2 Qd7 18. b5 Bxf3 19. Nxf3 Bc5 20. Red1 Rfe8 21. Bxd4 Qe7 22. Qb2 Ba3 23. Qc2 Bc5 24. Qf5 Bxd4 25. Rxd4 Qe2 26. a4 Ne4 27. Rf1 g6 28. Qf4 Nc3 29. Kg2 Qe7 30. Re1 Qxe1 31. Nxe1 Ne2 32. Qc7 Nxd4 33. Qxb7 Nb3 34. Nf3 Nc5 35. Qd5 Rac8 36. Ne5 Rc7 37. Qd6 Ne6 38. Nc6 Kg7 39. a5 Rec8 40. Ne7 Re8 41. Nc6 Rec8 42. f4 Re8 43. b6 axb6 44. axb6 Rb7 45. c5 Ra8 46. Qd5 h5 47. Nd4 Rbb8 48. Nxe6+ fxe6 49. Qd7+ Kh6 50. b7 Ra2+ 51. Kh3 Rb2 52. c6 Rf8 53. Qxe6 h4 54. Qc8 Kg7 55. c7 1-0

[Event "Cheliabinsk Panchenko Memorial op-A"]
[Site "Cheliabinsk"]
[Date "2021.09.19"]
[Round "8"]
[White "Novozhilov, Semen"]
[Black "Ismagilov, Igor"]
[Result "1-0"]
[WhiteElo "1976"]
[BlackElo "2023"]
[PlyCount "63"]
[EventDate "2021.09.13"]
[EventType "swiss"]
[EventRounds "10"]
[EventCountry "RUS"]
[SourceTitle "CBM 204 Extra"]
[Source "ChessBase"]
[SourceDate "2021.11.30"]
[SourceVersion "1"]
[SourceVersionDate "2021.11.30"]
[SourceQuality "1"]

1. d4 Nf6 2. Nf3 e6 3. e3 b6 4. Bd3 Bb7 5. 0-0 d5 6. b3 Bd6 7. Bb2 Nbd7 8. c4 0-0 9. Nc3 a6 10. Rc1 Qe7 11. cxd5 exd5 12. Bb1 Rac8 13. Re1 Ne4 14. Ne2 f5 15. Nf4 Rf6 16. Ne5 g6 17. f3 Ng5 18. Nc6 Bxc6 19. Rxc6 Qf7 20. Rc1 Kg7 21. Bd3 a5 22. Ba6 Re8 23. Bb7 Rxe3 24. Bxd5 Qe7 25. Ne6+ Nxe6 26. Rxe3 Bf4 27. Rxe6 Rxe6 28. Bxe6 Qh4 29. g3 Bxg3 30. hxg3 Qxg3+ 31. Kf1 Qh3+ 32. Ke2 1-0

[Event "Cheliabinsk Panchenko Memorial op-A"]
[Site "Cheliabinsk"]
[Date "2021.09.16"]
[Round "4"]
[White "Strybuk, Artsiom I"]
[Black "Ismagilov, Igor"]
[Result "1-0"]
[WhiteElo "2234"]
[BlackElo "2023"]
[PlyCount "67"]
[EventDate "2021.09.13"]
[EventType "swiss"]
[EventRounds "10"]
[EventCountry "RUS"]
[SourceTitle "CBM 204 Extra"]
[Source "ChessBase"]
[SourceDate "2021.11.30"]
[SourceVersion "1"]
[SourceVersionDate "2021.11.30"]
[SourceQuality "1"]

1. Nf3 f5 2. g3 Nf6 3. Bg2 g6 4. 0-0 Bg7 5. d4 d6 6. b3 0-0 7. Bb2 c6 8. Nbd2 Qc7 9. c4 a5 10. a3 Na6 11. b4 axb4 12. axb4 b5 13. cxb5 cxb5 14. Qb3+ d5 15. Rfc1 Qd6 16. Ne5 Bd7 17. Nd3 e6 18. Nc5 h6 19. Nf3 Ne4 20. Ra5 Rfc8 21. Rca1 Nc7 22. Ne5 Bxe5 23. dxe5 Nxc5 24. Qe3 Qf8 25. bxc5 Rxa5 26. Rxa5 Ra8 27. Rxa8 Nxa8 28. Bxd5 exd5 29. e6 Qe7 30. exd7 Qxd7 31. Qxh6 Kf7 32. Qg7+ Ke8 33. Qg8+ Ke7 34. Qxa8 1-0

[Event "Tuapse op"]
[Site "Tuapse"]
[Date "2021.07.03"]
[Round "7"]
[White "Aleksandrov, Danila"]
[Black "Ismagilov, Igor"]
[Result "1-0"]
[WhiteElo "2199"]
[BlackElo "1968"]
[PlyCount "72"]
[EventDate "2021.06.27"]
[EventType "swiss"]
[EventRounds "9"]
[EventCountry "RUS"]
[SourceTitle "CBM 203 Extra"]
[Source "ChessBase"]
[SourceDate "2021.09.30"]
[SourceVersion "1"]
[SourceVersionDate "2021.09.30"]
[SourceQuality "1"]

1. e4 c5 2. Nf3 Nc6 3. d4 cxd4 4. Nxd4 Nf6 5. Nc3 e6 6. Ndb5 Bc5 7. Nd6+ Ke7 8. Bf4 e5 9. Nf5+ Kf8 10. Be3 Bb4 11. Nd6 Qe7 12. Nf5 Qe6 13. Bd3 d5 14. exd5 Nxd5 15. 0-0 Nxc3 16. bxc3 Bxc3 17. Be4 g6 18. Bh6+ Kg8 19. Bxc6 Ba5 20. Nd4 Qf6 21. Nb3 Bb6 22. Bd5 Bf5 23. c4 a5 24. Be3 a4 25. Nc5 Ba5 26. Ne4 Bxe4 27. Bxe4 Kg7 28. Rb1 Rad8 29. Qc1 Qh4 30. Bxb7 h6 31. Bd5 Bc7 32. Rb7 Rd7 33. Qc3 Rc8 34. Bc6 Re7 35. Bc5 Ba5 36. Qxa5 Kf6 1-0

[Event "Tuapse op"]
[Site "Tuapse"]
[Date "2021.06.30"]
[Round "4"]
[White "Ismagilov, Igor"]
[Black "Ismagilov, Damir"]
[Result "0-1"]
[WhiteElo "1968"]
[BlackElo "2126"]
[PlyCount "40"]
[EventDate "2021.06.27"]
[EventType "swiss"]
[EventRounds "9"]
[EventCountry "RUS"]
[SourceTitle "CBM 203 Extra"]
[Source "ChessBase"]
[SourceDate "2021.09.30"]
[SourceVersion "1"]
[SourceVersionDate "2021.09.30"]
[SourceQuality "1"]

1. e4 e5 2. Nf3 Nc6 3. Bb5 a6 4. Ba4 d6 5. d4 b5 6. Bb3 Nxd4 7. Nxd4 exd4 8. Qxd4 c5 9. Qd5 Be6 10. Qc6+ Bd7 11. Qd5 c4 12. Bxc4 bxc4 13. Qxc4 Nf6 14. Nc3 Be7 15. 0-0 0-0 16. Bg5 Qa5 17. Bxf6 Bxf6 18. Qd3 Rab8 19. Qxd6 Be6 20. Qg3 Rxb2 0-1

[Event "Tuapse op"]
[Site "Tuapse"]
[Date "2021.06.28"]
[Round "2"]
[White "Ismagilov, Igor"]
[Black "Khlichkova, Tatiana"]
[Result "1-0"]
[WhiteElo "1968"]
[BlackElo "2270"]
[PlyCount "151"]
[EventDate "2021.06.27"]
[EventType "swiss"]
[EventRounds "9"]
[EventCountry "RUS"]
[SourceTitle "CBM 203 Extra"]
[Source "ChessBase"]
[SourceDate "2021.09.30"]
[SourceVersion "1"]
[SourceVersionDate "2021.09.30"]
[SourceQuality "1"]

1. Nf3 f5 2. e4 fxe4 3. Ng5 Nf6 4. d3 e3 5. Bxe3 e5 6. d4 c6 7. Bd3 exd4 8. Bxd4 Qa5+ 9. Qd2 Qxd2+ 10. Kxd2 Be7 11. Re1 d6 12. Bc4 Rf8 13. Nc3 h6 14. Re2 hxg5 15. Rae1 Kd8 16. Rxe7 d5 17. Bd3 Nbd7 18. Rxg7 g4 19. Bf5 Ne8 20. Rg5 c5 21. Be5 d4 22. Nd1 Nxe5 23. Bxc8 Nf7 24. Bxb7 Rb8 25. Rd5+ Kc7 26. Ba6 Kc6 27. Rf5 Ned6 28. Rf4 Nh6 29. Rxf8 Rxf8 30. Be2 Kd5 31. f3 c4 32. fxg4 Kc5 33. Bf3 Nhf7 34. Nf2 c3+ 35. bxc3 Nc4+ 36. Kc1 dxc3 37. Nd3+ Kd6 38. Re4 Nd2 39. Rd4+ Ke7 40. Nf4 Ne5 41. Nd5+ Ke6 42. Nxc3 Ndxf3 43. gxf3 Rxf3 44. Ne4 Rf1+ 45. Kb2 Rh1 46. h3 Ke7 47. Nf2 Rh2 48. Nd3 Nf3 49. Ra4 Rxh3 50. Rxa7+ Kd6 51. Ra6+ Kc7 52. Rf6 Rg3 53. Rf4 Ng5 54. a4 Ne6 55. Re4 Kd6 56. a5 Nc7 57. Rb4 Kc6 58. Rb6+ Kd5 59. Rg6 Rf3 60. a6 Rf8 61. Kb3 Ne6 62. c4+ Kd6 63. Rh6 Rf7 64. Kb4 Ke7 65. Nc5 Nc7 66. Rh8 Kd6 67. a7 Nd5+ 68. cxd5 Rxa7 69. Kc4 Rg7 70. Rh6+ Ke7 71. Re6+ Kd8 72. Re4 Rg6 73. Ne6+ Kc8 74. Kc5 Rf6 75. Kd6 Rg6 76. Ke7 1-0

[Event "Sochi Lobanov Memorial Blitz"]
[Site "Sochi"]
[Date "2021.06.26"]
[Round "3"]
[White "Ismagilov, Igor"]
[Black "Mikhailovsky, Vladimir"]
[Result "0-1"]
[WhiteElo "1968"]
[BlackElo "2197"]
[PlyCount "89"]
[EventDate "2021.06.26"]
[EventType "swiss (blitz)"]
[EventRounds "13"]
[EventCountry "RUS"]
[SourceTitle "CBM 203 Extra"]
[Source "ChessBase"]
[SourceDate "2021.09.30"]
[SourceVersion "1"]
[SourceVersionDate "2021.09.30"]
[SourceQuality "1"]

1. d4 g6 2. Bf4 Bg7 3. e3 d6 4. Nf3 Nd7 5. h3 e5 6. Bh2 Ne7 7. c4 0-0 8. Nc3 b6 9. Be2 Bb7 10. 0-0 exd4 11. Nxd4 Ne5 12. f4 N5c6 13. Bf3 Qc8 14. Nxc6 Nxc6 15. Qd2 Re8 16. Rfe1 Nd8 17. Nd5 Ne6 18. a3 Nc5 19. Qc2 a5 20. Rad1 a4 21. Bg3 Qd8 22. e4 Bxd5 23. exd5 Qf6 24. Rxe8+ Rxe8 25. Rd2 Re3 26. Bf2 Rb3 27. Bxc5 bxc5 28. Qe4 Rxb2 29. Qe8+ Bf8 30. Rxb2 Qxb2 31. Qxa4 Qd4+ 32. Kf1 Qxf4 33. Qb3 Bg7 34. Qb8+ Bf8 35. Qb3 Qd2 36. Be2 Bh6 37. Qd3 Qc1+ 38. Kf2 Bg7 39. Kg3 Be5+ 40. Kf2 Bd4+ 41. Kg3 Qe1+ 42. Kf4 Qh4+ 43. g4 Qf2+ 44. Qf3 Be5+ 45. Kg5 0-1

[Event "Sochi Lobanov Memorial Blitz"]
[Site "Sochi"]
[Date "2021.06.26"]
[Round "2"]
[White "Vastrukhin, Oleg"]
[Black "Ismagilov, Igor"]
[Result "1/2-1/2"]
[WhiteElo "2401"]
[BlackElo "1968"]
[PlyCount "169"]
[EventDate "2021.06.26"]
[EventType "swiss (blitz)"]
[EventRounds "13"]
[EventCountry "RUS"]
[SourceTitle "CBM 203 Extra"]
[Source "ChessBase"]
[SourceDate "2021.09.30"]
[SourceVersion "1"]
[SourceVersionDate "2021.09.30"]
[SourceQuality "1"]

1. Nf3 f5 2. d4 Nf6 3. Bg5 d5 4. Nbd2 e6 5. e3 Bd6 6. c4 c6 7. Bd3 0-0 8. 0-0 Bd7 9. Qb3 Qc7 10. Rac1 Ne4 11. cxd5 Nxd2 12. Nxd2 exd5 13. Nf3 Be6 14. Bh4 h6 15. Bg3 Nd7 16. Bxd6 Qxd6 17. Qxb7 c5 18. dxc5 Nxc5 19. Qb4 Rfc8 20. Nd4 Rab8 21. Qa3 Bd7 22. Nxf5 Qf8 23. Nd4 Nxd3 24. Qxd3 Rxc1 25. Rxc1 Rxb2 26. Rf1 Qf7 27. Qa3 Rb7 28. Qc5 Bf5 29. Nxf5 Qxf5 30. h3 Rf7 31. a4 Kh7 32. a5 Qd3 33. Qd4 Qxd4 34. exd4 Rb7 35. Rc1 Rb4 36. Rc7 a6 37. Rc6 Rxd4 38. Rxa6 Ra4 39. Kf1 Ra2 40. Ra8 d4 41. Ke1 d3 42. Rd8 Rxa5 43. Rxd3 Ra1+ 44. Ke2 Ra2+ 45. Rd2 Ra3 46. Rd3 Ra4 47. Ke3 Ra2 48. g3 Rb2 49. Kf3 Rc2 50. Re3 Rb2 51. g4 g5 52. Kg3 Rc2 53. Rf3 Kg6 54. Rf5 Rc3+ 55. f3 Rc1 56. h4 Rc2 57. Rb5 Rd2 58. Rb6+ Kg7 59. Re6 Rc2 60. Re1 Kg6 61. Re7 Rc6 62. h5+ Kf6 63. Rh7 Ke5 64. Rg7 Ra6 65. Rf7 Rb6 66. Kf2 Rb2+ 67. Ke3 Rb3+ 68. Kf2 Rb2+ 69. Kg3 Rb6 70. Rf5+ Ke6 71. f4 Rb3+ 72. Kg2 gxf4 73. Rxf4 Rc3 74. Rf8 Rc6 75. Kg3 Ke5 76. Kh4 Rb6 77. Rg8 Rc6 78. g5 Rc4+ 79. Kh3 hxg5 80. Rxg5+ Kf6 81. Rg3 Rf4 82. h6 Rf1 83. Kg4 Rh1 84. Kf3 Rxh6 85. Rg4 1/2-1/2

[Event "Sochi Lobanov Memorial"]
[Site "Sochi"]
[Date "2021.06.23"]
[Round "9"]
[White "Ismagilov, Igor"]
[Black "Khruschiov, Alexey"]
[Result "0-1"]
[WhiteElo "1968"]
[BlackElo "2382"]
[PlyCount "116"]
[EventDate "2021.06.15"]
[EventType "swiss"]
[EventRounds "9"]
[EventCountry "RUS"]
[SourceTitle "CBM 203 Extra"]
[Source "ChessBase"]
[SourceDate "2021.09.30"]
[SourceVersion "1"]
[SourceVersionDate "2021.09.30"]
[SourceQuality "1"]

1. Nf3 g6 2. c4 Bg7 3. Nc3 Nf6 4. b3 d5 5. e3 0-0 6. Bb2 c5 7. Nxd5 Nxd5 8. Bxg7 Nxe3 9. fxe3 Kxg7 10. Be2 Nc6 11. d4 e5 12. d5 Ne7 13. 0-0 Nf5 14. Qd2 f6 15. Bd3 Nd6 16. e4 Bg4 17. Qe3 b6 18. Nd2 Rc8 19. h3 Bd7 20. g4 Qe7 21. Qg3 Rh8 22. Nf3 g5 23. h4 gxh4 24. Qxh4 h6 25. Rf2 Rcg8 26. Raf1 Kh7 27. Nh2 Ne8 28. Kh1 Rg6 29. Rg1 Rhg8 30. Rfg2 Nd6 31. Nf1 Qg7 32. Ne3 Rg5 33. Rg3 Qg6 34. Nf5 Bxf5 35. gxf5 Qh5 36. Qxh5 Rxh5+ 37. Kg2 Rgg5 38. a3 Kg7 39. b4 Nb7 40. Rb1 Kf8 41. b5 Ke7 42. Rb2 Rh4 43. Rb1 Nd6 44. Re1 h5 45. Ree3 Rf4 46. Re2 h4 47. Rxg5 fxg5 48. a4 g4 49. Rf2 Kf6 50. Ra2 h3+ 51. Kh2 Rf3 52. Bb1 Nxc4 53. Rc2 Nd6 54. a5 Kg5 55. a6 Kh4 56. Kg1 g3 57. Rd2 g2 58. Bd3 Kg3 0-1

[Event "Chigorin Memorial 27th"]
[Site "St Petersburg"]
[Date "2019.10.10"]
[Round "6"]
[White "Ismagilov, Igor"]
[Black "Strybuk, Artsiom I"]
[Result "0-1"]
[WhiteElo "1835"]
[BlackElo "2179"]
[PlyCount "70"]
[EventDate "2019.10.05"]
[EventType "swiss"]
[EventRounds "9"]
[EventCountry "RUS"]
[SourceTitle "EXT 2020"]
[Source "ChessBase"]
[SourceDate "2019.10.17"]
[SourceVersion "1"]
[SourceVersionDate "2019.10.17"]
[SourceQuality "1"]

1. d4 Nf6 2. Bf4 g6 3. e3 Bg7 4. h3 0-0 5. Nf3 d6 6. Be2 Nc6 7. c3 Nd7 8. Nbd2 e5 9. Bh2 f5 10. dxe5 Ndxe5 11. Nd4 Kh8 12. N2f3 Qe7 13. Nxc6 Nxc6 14. 0-0 Bd7 15. Bc4 g5 16. Bd5 g4 17. hxg4 fxg4 18. Bxc6 bxc6 19. Nd4 Rae8 20. Ne2 h5 21. Nf4 Qg5 22. Nd3 c5 23. Bf4 Qd5 24. Nc1 Qe6 25. Kh2 Bc6 26. Rh1 Qe4 27. Qf1 Be5 28. Ne2 Bb5 29. Bxe5+ Qxe5+ 30. g3 Qe4 31. Qe1 Qf3 32. Nf4 Rxf4 33. gxf4 Bc6 34. Qf1 Rxe3 35. fxe3 g3+ 0-1

[Event "Chigorin Memorial 27th"]
[Site "St Petersburg"]
[Date "2019.10.07"]
[Round "3"]
[White "Zhafyarov, Adel"]
[Black "Ismagilov, Igor"]
[Result "0-1"]
[WhiteElo "2089"]
[BlackElo "1835"]
[PlyCount "62"]
[EventDate "2019.10.05"]
[EventType "swiss"]
[EventRounds "9"]
[EventCountry "RUS"]
[SourceTitle "EXT 2020"]
[Source "ChessBase"]
[SourceDate "2019.10.17"]
[SourceVersion "1"]
[SourceVersionDate "2019.10.17"]
[SourceQuality "1"]

1. d4 d6 2. Bf4 Nd7 3. Nf3 g6 4. e4 Bg7 5. Nc3 e5 6. Be3 Ne7 7. Bc4 0-0 8. Qd2 a6 9. Bg5 Qe8 10. dxe5 dxe5 11. b4 Nb6 12. Bb3 Bg4 13. a4 Nc6 14. a5 Bxf3 15. gxf3 Nd4 16. Qe3 h6 17. axb6 hxg5 18. bxc7 Ne6 19. Qb6 Nxc7 20. Qxc7 Rc8 21. Qxb7 Rxc3 22. Rxa6 Rxf3 23. Ke2 Rc3 24. Rha1 Qd8 25. Ra8 Qf6 26. Rxf8+ Bxf8 27. Ra7 Rf3 28. Kd1 Rxf2 29. Kc1 Rf1+ 30. Kb2 Qf2 31. Qd5 Qxa7 0-1

[Event "Chigorin Memorial 27th"]
[Site "St Petersburg"]
[Date "2019.10.05"]
[Round "1"]
[White "Iliaguev, Nisim"]
[Black "Ismagilov, Igor"]
[Result "1-0"]
[WhiteElo "2310"]
[BlackElo "1835"]
[PlyCount "109"]
[EventDate "2019.10.05"]
[EventType "swiss"]
[EventRounds "9"]
[EventCountry "RUS"]
[SourceTitle "EXT 2020"]
[Source "ChessBase"]
[SourceDate "2019.10.17"]
[SourceVersion "1"]
[SourceVersionDate "2019.10.17"]
[SourceQuality "1"]

1. d4 c5 2. d5 g6 3. e4 Bg7 4. Nc3 d6 5. f4 Nf6 6. Bb5+ Bd7 7. e5 Ng8 8. Qe2 Bxb5 9. Qxb5+ Qd7 10. Nf3 Na6 11. Qxd7+ Kxd7 12. Bd2 Nc7 13. 0-0-0 b5 14. Be3 Nh6 15. h3 Nf5 16. Bf2 h5 17. Kb1 Raf8 18. Rhe1 f6 19. Ne4 Bh6 20. g4 Nd4 21. Nxd4 cxd4 22. exf6 exf6 23. Bxd4 Nxd5 24. g5 Bg7 25. gxf6 Bxf6 26. Bxf6 Nxf6 27. Nxd6 Kc6 28. Re6 Kd7 29. Re5 Kc6 30. Nxb5 Rd8 31. Nd4+ Kb7 32. Re7+ Rd7 33. Rxd7+ Nxd7 34. Nf3 Kc7 35. Nh4 Rg8 36. Rg1 Nf8 37. a4 Kd6 38. Rg5 Ke7 39. Ra5 Ne6 40. Rxa7+ Kf6 41. Ra6 g5 42. fxg5+ Rxg5 43. Nf3 Rd5 44. Rb6 Kf5 45. b4 Nf4 46. a5 Ke4 47. a6 Ne2 48. Re6+ Kxf3 49. Rxe2 Rb5 50. c3 Rg5 51. Ra2 Rg1+ 52. Kb2 Rg2+ 53. Kb3 Rg8 54. a7 Ra8 55. b5 1-0

[Event "RUS Cup U13 final"]
[Site "Bryansk"]
[Date "2019.01.05"]
[Round "2"]
[White "Ismagilov, Igor"]
[Black "Khisamov, Ruslan"]
[Result "1-0"]
[WhiteElo "2010"]
[BlackElo "1734"]
[PlyCount "71"]
[EventDate "2019.01.04"]
[EventType "tourn"]
[EventRounds "7"]
[EventCountry "RUS"]
[SourceTitle "CBM 189 Extra"]
[Source "ChessBase"]
[SourceDate "2019.06.03"]
[SourceVersion "1"]
[SourceVersionDate "2019.06.03"]
[SourceQuality "1"]

1. d4 f5 2. Bf4 e6 3. e3 Nf6 4. Nf3 Be7 5. c4 d5 6. Nc3 c6 7. Bd3 0-0 8. Qc2 b6 9. 0-0 Bb7 10. cxd5 Nxd5 11. Nxd5 cxd5 12. Ne5 Nd7 13. Nc6 Bxc6 14. Qxc6 Kf7 15. Ba6 Qe8 16. Bb7 Rd8 17. Qa4 Kg8 18. Bc6 a6 19. Bc7 b5 20. Qxa6 Rc8 21. Qb7 Rf7 22. Bg3 Bf8 23. Qxb5 Qd8 24. Bxd7 Rxd7 25. Rac1 g5 26. Qa6 Rxc1 27. Qxe6+ Rf7 28. Rxc1 Qa5 29. h3 f4 30. exf4 gxf4 31. Bxf4 Qxa2 32. Rc7 Qb1+ 33. Kh2 Qf5 34. Qxf7+ Qxf7 35. Rxf7 Kxf7 36. Be5 1-0

[Event "Nezhmetdinov Memorial 40th"]
[Site "Kazan"]
[Date "2018.09.19"]
[Round "7"]
[White "Ismagilov, Igor"]
[Black "Filippova, Margarita"]
[Result "0-1"]
[WhiteElo "1952"]
[BlackElo "2103"]
[PlyCount "108"]
[EventDate "2018.09.13"]
[EventType "swiss"]
[EventRounds "9"]
[EventCountry "RUS"]
[SourceTitle "CBM 186 Extra"]
[Source "ChessBase"]
[SourceDate "2018.08.24"]
[SourceVersion "1"]
[SourceVersionDate "2018.08.24"]
[SourceQuality "1"]

1. d4 d5 2. Bf4 Nf6 3. e3 c5 4. c3 Nc6 5. Bd3 Qb6 6. Qc1 cxd4 7. exd4 e5 8. dxe5 Ng4 9. Qd2 Bc5 10. Nh3 Ngxe5 11. Bxe5 Nxe5 12. Qe2 0-0 13. Qxe5 Bxh3 14. Qh5 g6 15. Qxh3 Rae8+ 16. Kd1 Qxb2 17. Qd7 Qxa1 18. Qb5 Qxa2 19. Qxc5 d4 20. cxd4 Qxf2 21. Rf1 Qe3 22. Qc3 Rc8 23. Re1 Qf2 24. Qb4 Rfd8 25. Re4 Qg1+ 26. Qe1 Qxg2 27. Nd2 Qg5 28. h4 Qh5+ 29. Be2 Qa5 30. Bc4 Rxc4 31. Re8+ Rxe8 32. Qxe8+ Kg7 33. Nxc4 Qa1+ 34. Ke2 Qxd4 35. Qe5+ Qxe5+ 36. Nxe5 Kf6 37. Nc4 Ke6 38. Na5 b6 39. Nc6 a5 40. Nd4+ Kd5 41. Kd3 Kc5 42. Nf3 f6 43. Kc3 b5 44. Nd4 b4+ 45. Kd3 a4 46. Ne6+ Kd5 47. Nf8 a3 48. Kc2 Kc4 49. Nxh7 b3+ 50. Kb1 Kc3 51. Nxf6 a2+ 52. Ka1 b2+ 53. Kxa2 Kc2 54. Ka3 b1Q 0-1